[Event "4NCL Online Division 5"]
[Site "online"]
[Date "2021.11.16"]
[EventDate "2021.11.16"]
[Round "7.243"]
[White "Moreno Serrano, Carlos"]
[WhiteElo "1521"]
[WhiteTeam "Guildford Castles 3"]
[Black "Kuryan, Elizabeth"]
[BlackElo "990"]
[BlackTeam "Barnet Knights D"]
[Result "0-1"]
[PlyCount "56"]

1. c4 d5 2. Nc3 Nf6 3. g3 Bf5 4. Bg2 e6 5. d3 Bb4 6. Qa4+ Nc6 7. a3 Bc5 8. e4 dxe4 9. dxe4 Bg6 10. Nge2 Bh5 11. O-O O-O 12. Kh1 Bd4 13. f4 Bxc3 14. Nxc3 Qd3 15. Rf2 Qd4 16. Kg1 Ng4 17. Qc2 Nxf2 18. Qxf2 Qxc4 19. Be3 Rfd8 20. Bf1 Qb3 21. Be2 Bxe2 22. Nxe2 Qxb2 23. Qe1 Rd3 24. Bc1 Qc2 25. Qf2 Rad8 26. Nd4 Qxf2+ 27. Kxf2 R8xd4 28. Be3 Rxe4 0-1

[Event "4NCL Online Division 5"]
[Site "online"]
[Date "2021.11.16"]
[EventDate "2021.11.16"]
[Round "7.244"]
[White "Morin, Julian"]
[WhiteElo "897"]
[WhiteTeam "Barnet Knights D"]
[Black "Kelly, Adam"]
[BlackElo "896"]
[BlackTeam "Guildford Castles 3"]
[Result "1-0"]
[PlyCount "43"]

1. d4 e6 2. c4 f5 3. b3 Nf6 4. Nc3 c6 5. e3 d5 6. Nf3 Bd6 7. Bb2 O-O 8. Bd3 Ne4 9. O-O Qe8 10. Nd2 Nxd2 11. Qxd2 Qh5 12. f4 Nd7 13. Rf3 Nf6 14. Rh3 Qe8 15. Rf1 Ne4 16. Qe1 Bd7 17. Qh4 Qg6 18. Rff3 h6 19. Bxe4 fxe4 20. Rfg3 Qf7 21. Qxh6 g6 22. Qh8# 1-0

[Event "4NCL Online Division 5"]
[Site "online"]
[Date "2021.11.16"]
[EventDate "2021.11.16"]
[Round "7.251"]
[White "Gibson, Stephen"]
[WhiteElo "1505"]
[WhiteTeam "Deaf England 2"]
[Black "Amos, Alice"]
[BlackElo "1432"]
[BlackTeam "Farnham C"]
[Result "1-0"]
[PlyCount "61"]

1. e4 c6 2. d4 d5 3. exd5 cxd5 4. f4 Bf5 5. g4 Be4 6. Nf3 Bxf3 7. Qxf3 e6 8. Bb5+ Nd7 9. O-O a6 10. Bd3 Bd6 11. Re1 Ne7 12. Be3 O-O 13. Qh3 h6 14. g5 f5 15. gxf6 Rxf6 16. Kh1 Nf8 17. Nc3 Bxf4 18. Bxf4 Rxf4 19. Rg1 Qe8 20. Qxh6 Qf7 21. Rxg7+ Qxg7 22. Qxf4 Qf7 23. Rg1+ Nfg6 24. Qg4 Kg7 25. Ne2 Rg8 26. Nf4 Kf8 27. Nxe6+ Ke8 28. Rf1 Qh7 29. Qg3 Kd7 30. Nc5+ Kc6 31. Rf6# 1-0

[Event "4NCL Online Division 5"]
[Site "online"]
[Date "2021.11.16"]
[EventDate "2021.11.16"]
[Round "7.252"]
[White "Warren, Archie"]
[WhiteElo "1359"]
[WhiteTeam "Farnham C"]
[Black "Mullins, Steven A"]
[BlackElo "1323"]
[BlackTeam "Deaf England 2"]
[Result "0-1"]
[PlyCount "124"]

1. d4 d5 2. Bf4 e6 3. Nf3 c5 4. e3 Nf6 5. c3 Qb6 6. Qb3 Nc6 7. Nbd2 Bd7 8. Be2 Be7 9. O-O O-O 10. Rfe1 Na5 11. Qc2 h6 12. Be5 c4 13. b3 cxb3 14. Nxb3 Ba4 15. Rab1 Qd8 16. Qd3 Nc4 17. Nfd2 Nxd2 18. Nxd2 Rc8 19. Bxf6 Bxf6 20. e4 Qe7 21. e5 Bg5 22. Bd1 Bxd2 23. Qxd2 Bxd1 24. Rbxd1 Qa3 25. Rc1 Rc4 26. Rc2 Rfc8 27. Rec1 b5 28. h3 Qa4 29. Rb2 Qa5 30. Rb3 Qb6 31. Rcb1 a6 32. Rc1 Qc6 33. Ra3 b4 34. Rb3 bxc3 35. Qc2 a5 36. Kf1 a4 37. Ra3 Qa6 38. Kg1 Qa7 39. Kf1 Qxd4 40. Kg1 Qxe5 41. Kf1 Qh2 42. f3 Qh1+ 43. Kf2 Qh2 44. Qd3 Qf4 45. Raxc3 Rxc3 46. Rxc3 Rxc3 47. Qxc3 Qc4 48. Qb2 d4 49. Qb8+ Kh7 50. Qb1+ g6 51. Qb7 Kg7 52. Qb8 Qxa2+ 53. Ke1 Qd5 54. Kf2 a3 55. Qb1 a2 56. Qb2 e5 57. Ke2 Qc4+ 58. Kf2 h5 59. Kg3 Qd5 60. Kf2 d3 61. Ke3 Qd4+ 62. Kd2 Qxb2+ 0-1

[Event "4NCL Online Division 5"]
[Site "online"]
[Date "2021.11.16"]
[EventDate "2021.11.16"]
[Round "7.253"]
[White "Masterson, Desmond"]
[WhiteElo "1001"]
[WhiteTeam "Deaf England 2"]
[Black "Amos, Katherine"]
[BlackElo "1295"]
[BlackTeam "Farnham C"]
[Result "1-0"]
[PlyCount "159"]

1. e4 d5 2. exd5 Nf6 3. c4 e6 4. dxe6 Bxe6 5. d3 Bb4+ 6. Bd2 Bxd2+ 7. Qxd2 O-O 8. Nf3 Re8 9. Be2 Bg4 10. O-O Qe7 11. Nc3 Nc6 12. Rfe1 Bxf3 13. Bxf3 Qd7 14. Rxe8+ Rxe8 15. Re1 Rxe1+ 16. Qxe1 Qxd3 17. b3 h6 18. Nb5 Qc2 19. Nc3 Nb4 20. Bd1 Qf5 21. Qe2 a6 22. a3 Nd3 23. Bc2 Nc1 24. Bxf5 Nxe2+ 25. Nxe2 g6 26. Bd3 Nd7 27. b4 c6 28. f4 Kg7 29. g4 g5 30. h3 Kf6 31. fxg5+ hxg5 32. c5 Ne5 33. Be4 Nc4 34. a4 a5 35. b5 cxb5 36. axb5 a4 37. Bxb7 a3 38. Nc1 Na5 39. Bd5 Ke5 40. Ba2 Kd4 41. Nb3+ Nxb3 42. Bxb3 Kxc5 43. b6 Kxb6 44. Kf1 Kc5 45. Ke1 Kd4 46. Kd1 Kd3 47. Kc1 Kc3 48. Ba2 f6 49. Kb1 Kd2 50. Bb3 Ke3 51. Ka2 Kf3 52. Kxa3 Kg3 53. Be6 Kxh3 54. Kb3 Kg3 55. Kc3 Kf3 56. Kd4 Kf4 57. Bf5 Kf3 58. Kd5 Kf4 59. Ke6 Ke3 60. Kxf6 Kf4 61. Kg6 Ke5 62. Kxg5 Kd6 63. Kf6 Kc7 64. g5 Kd8 65. Kf7 Kc7 66. g6 Kd8 67. g7 Kc7 68. g8=Q Kd6 69. Qg6+ Kc5 70. Qe6 Kb4 71. Qd5 Ka3 72. Bd3 Ka4 73. Bb5+ Ka3 74. Qc5+ Ka2 75. Ke6 Ka1 76. Kd5 Ka2 77. Kc4 Ka1 78. Kb3 Kb1 79. Qc2+ Ka1 80. Qb2# 1-0

[Event "4NCL Online Division 5"]
[Site "online"]
[Date "2021.11.16"]
[EventDate "2021.11.16"]
[Round "7.254"]
[White "Warnock, Oliver"]
[WhiteElo "1294"]
[WhiteTeam "Farnham C"]
[Black "O'Donnell, Anthony"]
[BlackElo "1003"]
[BlackTeam "Deaf England 2"]
[Result "0-1"]
[PlyCount "44"]

1. d4 Nf6 2. c4 Nc6 3. d5 Ne5 4. Qc2 e6 5. e4 Bc5 6. Bf4 Ng6 7. Bd2 Ng4 8. Nh3 N6e5 9. Be2 Qh4 10. Bxg4 Qxg4 11. O-O exd5 12. exd5 O-O 13. b4 Nf3+ 14. Kh1 Nxd2 15. Nxd2 Bd6 16. c5 Be5 17. d6 Bxa1 18. Rxa1 Re8 19. dxc7 d5 20. cxd6 Qd4 21. Ng5 Qxa1+ 22. Nb1 Re1# 0-1

[Event "4NCL Online Division 5"]
[Site "online"]
[Date "2021.11.16"]
[EventDate "2021.11.16"]
[Round "7.261"]
[White "Jebananthan, Jeshan"]
[WhiteElo "1281"]
[WhiteTeam "Uxbridge E"]
[Black "Shrestha, Deepesh"]
[BlackElo "1233"]
[BlackTeam "East Kilbride Wanderers"]
[Result "0-1"]
[PlyCount "46"]

1. e4 c6 2. Nc3 d5 3. exd5 cxd5 4. d4 Nc6 5. Nf3 Bg4 6. h3 Bxf3 7. Qxf3 Nxd4 8. Qd3 e5 9. Be3 Bc5 10. Nb5 e4 11. Qc3 Bb4 12. Bxd4 Bxc3+ 13. Bxc3 Nf6 14. O-O-O a6 15. Nd4 O-O 16. Nf5 b5 17. g4 Ne8 18. h4 f6 19. h5 Nd6 20. Rxd5 Qb6 21. Bd4 Qa5 22. Ne7+ Kf7 23. Nc6 Qe1# 0-1

[Event "4NCL Online Division 5"]
[Site "online"]
[Date "2021.11.16"]
[EventDate "2021.11.16"]
[Round "7.262"]
[White "Roul, Tushar"]
[WhiteElo "472"]
[WhiteTeam "East Kilbride Wanderers"]
[Black "Harris, Harrison"]
[BlackElo "1195"]
[BlackTeam "Uxbridge E"]
[Result "1-0"]
[PlyCount "47"]

1. e4 e5 2. Nf3 Nc6 3. Nc3 Nf6 4. d4 Bd6 5. d5 Ne7 6. Bc4 O-O 7. O-O c6 8. dxc6 dxc6 9. a3 b5 10. Ba2 b4 11. axb4 Bxb4 12. Qxd8 Rxd8 13. Nxe5 Bxc3 14. bxc3 Nxe4 15. Ba3 Kf8 16. Nxc6 Rd7 17. Nxe7 Rxe7 18. Bxe7+ Kxe7 19. Rfe1 f5 20. f3 Bb7 21. fxe4 fxe4 22. Rad1 Rc8 23. Re3 Kf6 24. Rd7 1-0

[Event "4NCL Online Division 5"]
[Site "online"]
[Date "2021.11.16"]
[EventDate "2021.11.16"]
[Round "7.263"]
[White "Kapoor, Devansh"]
[WhiteElo "1120"]
[WhiteTeam "Uxbridge E"]
[Black "Roul, Karan"]
[BlackElo "455"]
[BlackTeam "East Kilbride Wanderers"]
[Result "0-1"]
[PlyCount "39"]

1. e4 d5 2. exd5 Nf6 3. Nc3 Nxd5 4. Nxd5 Qxd5 5. Nf3 Nc6 6. b3 Bg4 7. Be2 Bxf3 8. Bxf3 Qe5+ 9. Qe2 Qxa1 10. Bxc6+ bxc6 11. O-O Qxa2 12. Qe4 Qa6 13. Re1 e6 14. b4 Bxb4 15. d4 O-O-O 16. Rd1 c5 17. Qa8+ Kd7 18. dxc5+ Ke7 19. Rxd8 Rxd8 20. Bg5+ f6 0-1

[Event "4NCL Online Division 5"]
[Site "online"]
[Date "2021.11.16"]
[EventDate "2021.11.16"]
[Round "7.264"]
[White "Verma, Abhi"]
[WhiteElo "380"]
[WhiteTeam "East Kilbride Wanderers"]
[Black "Peddireddi, Satya"]
[BlackElo "1035"]
[BlackTeam "Uxbridge E"]
[Result "1-0"]
[PlyCount "65"]

1. e4 e5 2. Nc3 Nf6 3. f4 Nc6 4. fxe5 Nxe5 5. d4 Nc6 6. e5 Ne4 7. Nxe4 Qh4+ 8. Ng3 Nxd4 9. Nf3 Nxf3+ 10. Qxf3 d6 11. Bc4 Qxc4 12. exd6 Bxd6 13. Qe2+ Be6 14. Qxc4 Bxc4 15. Be3 O-O 16. b3 Bd5 17. O-O Rae8 18. Nf5 Be5 19. Rad1 Be4 20. Bc5 Bxc2 21. Rd5 Be4 22. Rdd1 Bxf5 23. Rxf5 Bd6 24. Bxd6 cxd6 25. Rxd6 Re1+ 26. Kf2 Ra1 27. Rd2 g6 28. Rc5 b6 29. Rc7 a5 30. Rb7 Re8 31. Rxb6 Rae1 32. Rb5 Ra8 33. Kxe1 1-0

[Event "4NCL Online Division 5"]
[Site "online"]
[Date "2021.11.16"]
[EventDate "2021.11.16"]
[Round "7.271"]
[White "Kariyawasam, Alexander"]
[WhiteElo "1149"]
[WhiteTeam "Colchester JFF C"]
[Black "McKechnie, Joel"]
[BlackElo "1303"]
[BlackTeam "Watford Juniors B"]
[Result "0-1"]
[PlyCount "120"]

1. e4 e5 2. Nf3 Nc6 3. Bc4 Nf6 4. Nc3 Bc5 5. O-O d6 6. h3 O-O 7. d3 Re8 8. Bg5 h6 9. Bh4 Be6 10. Bb3 Nd4 11. Nxd4 Bxd4 12. Rb1 Bxb3 13. cxb3 c5 14. Nd5 g5 15. Nxf6+ Qxf6 16. Bg3 Qe6 17. Qh5 Rf8 18. Kh1 Kg7 19. f4 exf4 20. Bxf4 gxf4 21. Rxf4 Kh7 22. Rg4 Rg8 23. Rf1 Raf8 24. Qh4 Rxg4 25. hxg4 Rg8 26. Rf4 Bxb2 27. Rf5 Be5 28. g3 Rg7 29. Rh5 b5 30. g5 Rg6 31. Rxh6+ Rxh6 32. gxh6 Qxh6 33. Qxh6+ Kxh6 34. Kh2 Kg5 35. Kh3 a5 36. g4 a4 37. bxa4 bxa4 38. a3 Bb2 39. Kg3 Bxa3 40. Kf3 Bb4 41. Ke3 a3 42. d4 cxd4+ 43. Kxd4 Bc5+ 44. Kd5 a2 45. e5 a1=Q 46. exd6 Qd4+ 47. Kc6 Bxd6 48. Kd7 Bc5+ 49. Kc6 Bb4 50. Kb5 Qc5+ 51. Ka4 Qb6 52. Kb3 Bd6+ 53. Kc3 Qb4+ 54. Kd3 Kxg4 55. Ke3 f5 56. Kf2 Qb3 57. Kg2 Qe3 58. Kf1 Bg3 59. Kg2 Qf2+ 60. Kh1 Qf1# 0-1

[Event "4NCL Online Division 5"]
[Site "online"]
[Date "2021.11.16"]
[EventDate "2021.11.16"]
[Round "7.272"]
[White "Demyan, Leo"]
[WhiteElo "1158"]
[WhiteTeam "Watford Juniors B"]
[Black "Salkauskas, Deimantas"]
[BlackElo "1066"]
[BlackTeam "Colchester JFF C"]
[Result "1-0"]
[PlyCount "143"]

1. c4 e5 2. d3 Bc5 3. Nf3 Nc6 4. Nc3 Nf6 5. Bg5 O-O 6. Nd5 Be7 7. Qd2 Nxd5 8. Bxe7 Ndxe7 9. g3 Nd4 10. Nxd4 exd4 11. Bg2 d5 12. b3 Bg4 13. O-O dxc4 14. bxc4 Nc6 15. Rab1 Rb8 16. Rb2 Re8 17. Qd1 h6 18. Re1 Qf6 19. Qb1 Na5 20. Bd5 Re5 21. f3 Bh3 22. Be4 b6 23. Rc1 Qg5 24. f4 Qg4 25. fxe5 Nb7 26. c5 Qg5 27. c6 Qe3+ 28. Kh1 Nc5 29. Rxc5 Re8 30. Rd5 Be6 31. Rdb5 f6 32. Qg1 Qg5 33. exf6 Qxf6 34. a4 Bh3 35. Bg2 Bg4 36. Qf1 Qe6 37. Bd5 Qxd5+ 38. Rxd5 Rf8 39. Qxf8+ Kxf8 40. Rd8+ Ke7 41. Ra8 a5 42. Ra7 Kd6 43. Rc2 Be6 44. Rc1 Bd5+ 45. Kg1 Bxc6 46. Rc4 Kd5 47. Rxc7 Be8 48. Rxg7 Bh5 49. Re7 Kd6 50. Re4 Bf7 51. Rcxd4+ Bd5 52. Rh4 Kc5 53. e3 Bb3 54. Rxh6 b5 55. axb5 Kxb5 56. Rh5+ Kb6 57. Rd6+ Kc7 58. Rdh6 a4 59. Rg5 Kd8 60. Ra5 a3 61. Rxa3 Bc2 62. Ra7 Ba4 63. Rh8+ Be8 64. Ra8+ Ke7 65. Raxe8+ Kf6 66. Rhf8+ Kg5 67. h4+ Kg4 68. Kh2 Kh5 69. Rf4 Kg6 70. Kh3 Kh5 71. Rg4 Kh6 72. Rh8# 1-0

[Event "4NCL Online Division 5"]
[Site "online"]
[Date "2021.11.16"]
[EventDate "2021.11.16"]
[Round "7.273"]
[White "Kariyawasam, Rohan"]
[WhiteElo "993"]
[WhiteTeam "Colchester JFF C"]
[Black "Khandelwal, Akshaj"]
[BlackElo "1118"]
[BlackTeam "Watford Juniors B"]
[Result "1-0"]
[PlyCount "53"]

1. e4 e6 2. d4 d5 3. exd5 exd5 4. Qe2+ Be7 5. Bf4 Nf6 6. Nc3 Bg4 7. Nf3 Nc6 8. O-O-O O-O 9. h3 Bh5 10. g4 Bg6 11. h4 h5 12. gxh5 Bxh5 13. Rd3 Ne4 14. Nxe4 dxe4 15. Qxe4 Bg6 16. Qe3 Bxd3 17. Bxd3 Bf6 18. Qe4 g6 19. Ng5 Re8 20. Qf3 Nxd4 21. Qg4 Qd5 22. f3 Ne2+ 23. Kd2 Nxf4 24. Qxf4 Qa5+ 25. c3 Be5 26. Qxf7+ Kh8 27. Qh7# 1-0

[Event "4NCL Online Division 5"]
[Site "online"]
[Date "2021.11.16"]
[EventDate "2021.11.16"]
[Round "7.274"]
[White "Shah, Prem C"]
[WhiteElo "1114"]
[WhiteTeam "Watford Juniors B"]
[Black "He, Kingsley"]
[BlackElo "831"]
[BlackTeam "Colchester JFF C"]
[Result "1/2-1/2"]
[PlyCount "112"]

1. e4 c6 2. d4 d5 3. e5 f6 4. Nf3 fxe5 5. Nxe5 Nf6 6. Nc3 Nbd7 7. Bf4 e6 8. Bd3 Bb4 9. Qd2 Nxe5 10. Bxe5 O-O 11. a3 Bd6 12. Bxd6 Qxd6 13. O-O Re8 14. Rfe1 e5 15. dxe5 Rxe5 16. Rxe5 Qxe5 17. Re1 Qd6 18. Qg5 Bd7 19. Ne2 Re8 20. Rd1 Qe5 21. Qd2 Ne4 22. Bxe4 Qxe4 23. f3 Qxe2 24. Qxe2 Rxe2 25. Rc1 Bf5 26. b4 Rxc2 27. Re1 Ra2 28. Re8+ Kf7 29. Re3 d4 30. Rb3 d3 31. Kf1 b6 32. Ke1 Rxg2 33. h4 Bh3 34. Rxd3 c5 35. bxc5 bxc5 36. Rc3 Ra2 37. f4 c4 38. Rxh3 Ra1+ 39. Kd2 Ra2+ 40. Kc1 Rf2 41. Kd1 Rxf4 42. Kd2 h5 43. Ke3 Rf5 44. Kd4 g5 45. hxg5 Rxg5 46. Kxc4 Rg4+ 47. Kb5 h4 48. Kc5 Kg6 49. a4 Kh5 50. a5 Rg3 51. Rh2 h3 52. Kc6 Kh4 53. Kb7 Rg2 54. Rh1 h2 55. Kxa7 Kh3 56. Kb7 Rg1 1/2-1/2